| 000 | 00538nam a22001697a 4500 | ||
|---|---|---|---|
| 003 | NUST | ||
| 038 | _aNusrat Nadeem | ||
| 082 | _a200 | ||
| 100 |
_aKhan, Umair _9124620 |
||
| 245 |
_aA Comparison Study of Android Browsers Forensics for Data Remnants / _cUmair Khan, |
||
| 264 |
_aIslamabad; _bSEECS NUST; _c2024. |
||
| 300 |
_a111,p; _bill; _c30,cm. |
||
| 650 |
_aMS- Information Security _927215 |
||
| 700 |
_aSupervisor: Dr. Mehdi Hussain _996690 |
||
| 856 | _uhttp://10.250.8.41:8080/xmlui/handle/123456789/44702 | ||
| 942 |
_2ddc _cSC |
||
| 999 |
_c610431 _d610431 |
||